[Event "American Continental 18th"]
[Site "Medellin"]
[Date "2024.05.29"]
[Round "8"]
[White "Ruiz Agudelo, Jeronimo"]
[Black "Mejia Ospina, Juan F"]
[Result "1-0"]
[WhiteElo "1902"]
[BlackElo "1770"]
[PlyCount "47"]
[EventDate "2024.05.24"]
[EventType "swiss"]
[EventRounds "11"]
[EventCountry "COL"]
[SourceTitle "CB23_2024"]
[SourceDate "2024.06.05"]
[SourceVersion "1"]
[SourceVersionDate "2024.06.05"]
[SourceQuality "1"]

1. e4 c5 2. Nf3 g6 3. d4 cxd4 4. Nxd4 Nc6 5. Nc3 Bg7 6. Be3 Nf6 7. Bc4 0-0 8. Bb3 a6 9. f3 Na5 10. e5 Nxb3 11. exf6 Nxa1 12. fxg7 Nxc2+ 13. Nxc2 Re8 14. Nd5 Qa5+ 15. b4 Qxa2 16. Nc7 d6 17. Nxe8 Bf5 18. Nc7 Rc8 19. Nd5 Rxc2 20. Bh6 Re2+ 21. Qxe2 Qxd5 22. Qxe7 Qe5+ 23. Qxe5 dxe5 24. Kf2 1-0

[Event "American Continental 18th"]
[Site "Medellin"]
[Date "2024.05.27"]
[Round "5"]
[White "Mejia Ospina, Juan F"]
[Black "Silva Alvarez, Matias"]
[Result "1-0"]
[WhiteElo "1770"]
[BlackElo "1556"]
[PlyCount "67"]
[EventDate "2024.05.24"]
[EventType "swiss"]
[EventRounds "11"]
[EventCountry "COL"]
[SourceTitle "CB23_2024"]
[SourceDate "2024.06.05"]
[SourceVersion "1"]
[SourceVersionDate "2024.06.05"]
[SourceQuality "1"]

1. Nf3 c5 2. e4 Nc6 3. d3 g6 4. g3 Bg7 5. Bg2 d6 6. 0-0 Nf6 7. Nbd2 0-0 8. c3 Qb6 9. Nc4 Qc7 10. a4 Be6 11. Ne3 d5 12. Ng5 Qd7 13. Nxe6 fxe6 14. Qc2 Rac8 15. Bh3 Ne5 16. f4 Nf7 17. e5 Ne8 18. Qb3 Rc6 19. a5 g5 20. d4 gxf4 21. gxf4 c4 22. Qc2 Nc7 23. Kh1 Kh8 24. Bd2 Nh6 25. Rf2 Nf5 26. Rg1 Bh6 27. Qd1 Qe8 28. Bg4 Ng7 29. Ng2 Rf7 30. Bh5 Nxh5 31. Qxh5 Qf8 32. Nh4 Ne8 33. Rfg2 Rg7 34. Qxh6 1-0

[Event "American Continental 18th"]
[Site "Medellin"]
[Date "2024.05.27"]
[Round "6"]
[White "Pinales Roussel, Gabriel"]
[Black "Mejia Ospina, Juan F"]
[Result "1-0"]
[WhiteElo "1957"]
[BlackElo "1770"]
[PlyCount "69"]
[EventDate "2024.05.24"]
[EventType "swiss"]
[EventRounds "11"]
[EventCountry "COL"]
[SourceTitle "CB23_2024"]
[SourceDate "2024.06.05"]
[SourceVersion "1"]
[SourceVersionDate "2024.06.05"]
[SourceQuality "1"]

1. Nf3 Nf6 2. g3 g6 3. Bg2 Bg7 4. 0-0 0-0 5. c4 d6 6. Nc3 e5 7. d3 Nc6 8. Rb1 a5 9. a3 h6 10. b4 axb4 11. axb4 Re8 12. b5 Ne7 13. e4 Nh5 14. Ne1 f5 15. exf5 Nf6 16. fxg6 Nxg6 17. Nd5 Nxd5 18. Bxd5+ Kh8 19. Qh5 Nf8 20. Bxh6 Bxh6 21. Qxh6+ Nh7 22. Be4 Re7 23. Nf3 Qf8 24. Qxf8+ Nxf8 25. Ra1 Rxa1 26. Rxa1 Kg7 27. Ra8 Bg4 28. Nh4 Ne6 29. f3 Bh3 30. g4 Kf6 31. Nf5 Rd7 32. Bxb7 Nc5 33. Be4 Nxe4 34. dxe4 Rh7 35. Ra7 1-0